Club vainqueurs de la ligue des champions de volley-ball - Statistiques

Statistiques générales
  • Ce quiz a été pris 16 fois
  • Le résultat moyen est 4 sur 25
Statistiques - réponses
Clubs Victoires % Correct
Paris Volley 1
64%
Tours Volley-Ball 1
50%
CSKA Moscou 13
43%
SS Pérugia 1
36%
Trentino Volley 4
36%
Volley-Club Turin Moncalieri 1
36%
Lube Banca Macerata 2
29%
Modène Volley 4
29%
Zenit Kazan 6
29%
CSKA Sofia 1
14%
Płomień Milowice 1
14%
Porto Ravenne Volley 3
7%
SC Leipzig 1
7%
Sisley Trévise 4
7%
Volley-Club Parme 2
7%
ZAKSA Kędzierzyn-Koźle 3
7%
Burevestnik Alma-Ata 2
0%
Dinamo Bucarest 3
0%
Dukla Libereč 1
0%
Etoile Rouge Bratislava 1
0%
Lokomotiv Belgorod 3
0%
Lokomotiv Novossibirsk 1
0%
Rapid Bucarest 3
0%
VfB Friedrichshafen 1
0%
Volejbal Brno 2
0%
Aucun quiz correspondant
Distribution des résultats
% des personnes avec chaque résultat
Percentile par nombre de réponses
Votre historique - résultats
Vous n’avez pas pris ce quiz